<?xml version="1.0" encoding="UTF-8"?>
<record
    xmlns:xsi="http://www.w3.org/2001/XMLSchema-instance"
    xsi:schemaLocation="http://www.loc.gov/MARC21/slim http://www.loc.gov/standards/marcxml/schema/MARC21slim.xsd"
    xmlns="http://www.loc.gov/MARC21/slim">

  <leader>00987nam a22002177a 4500</leader>
  <controlfield tag="005">20140827091030.0</controlfield>
  <controlfield tag="008">140820|2003   xxu||||| |||| 00| 0 ck  spa d</controlfield>
  <datafield tag="041" ind1=" " ind2=" ">
    <subfield code="a">spa</subfield>
  </datafield>
  <datafield tag="044" ind1=" " ind2=" ">
    <subfield code="a">ck</subfield>
  </datafield>
  <datafield tag="082" ind1=" " ind2=" ">
    <subfield code="a">584</subfield>
    <subfield code="b">C82c</subfield>
  </datafield>
  <datafield tag="110" ind1=" " ind2=" ">
    <subfield code="a">Colombia</subfield>
    <subfield code="b">Corporaci&#xF3;n Aut&#xF3;noma Regional del Quind&#xED;o-CRQ</subfield>
    <subfield code="9">25926</subfield>
  </datafield>
  <datafield tag="245" ind1=" " ind2=" ">
    <subfield code="a">Conociendo La Palma de Cera:</subfield>
    <subfield code="b">&#xC1;rbol Nacional de Colombia</subfield>
    <subfield code="c">Corporaci&#xF3;n Aut&#xF3;noma Regional del Quind&#xED;o-CRQ</subfield>
  </datafield>
  <datafield tag="260" ind1=" " ind2=" ">
    <subfield code="a">Quind&#xED;o, Colombia</subfield>
    <subfield code="b">Corporaci&#xF3;n Aut&#xF3;noma Regional del Quind&#xED;o-CRQ</subfield>
    <subfield code="b">Corporaci&#xF3;n Aut&#xF3;noma Regional del Tolima-CORTOLIMA</subfield>
    <subfield code="b">Corporaci&#xF3;n Aut&#xF3;noma Regional del Valle del Cauca-CVC</subfield>
    <subfield code="b">CARDER</subfield>
    <subfield code="b">CORPOCALDAS</subfield>
    <subfield code="b">CORANTIOQUIA</subfield>
    <subfield code="c">2003</subfield>
  </datafield>
  <datafield tag="300" ind1=" " ind2=" ">
    <subfield code="a">31 p.</subfield>
    <subfield code="b">Fot., mapas.</subfield>
    <subfield code="c">28 cm.</subfield>
  </datafield>
  <datafield tag="504" ind1=" " ind2=" ">
    <subfield code="a">Incluye referencias bibliogr&#xE1;ficas (pag 30-31)</subfield>
  </datafield>
  <datafield tag="650" ind1=" " ind2="6">
    <subfield code="a">Palma de cera </subfield>
    <subfield code="x">Cultivo</subfield>
    <subfield code="9">25927</subfield>
  </datafield>
  <datafield tag="650" ind1=" " ind2="6">
    <subfield code="a">Conservaci&#xF3;n de los recursos naturales</subfield>
    <subfield code="9">25928</subfield>
  </datafield>
  <datafield tag="650" ind1=" " ind2="6">
    <subfield code="a">Conservaci&#xF3;n de bosques</subfield>
    <subfield code="9">25929</subfield>
  </datafield>
  <datafield tag="700" ind1=" " ind2=" ">
    <subfield code="a">Garz&#xF3;n-Rivera, Patricia</subfield>
    <subfield code="9">25744</subfield>
  </datafield>
  <datafield tag="942" ind1=" " ind2=" ">
    <subfield code="2">ddc</subfield>
    <subfield code="c">LIBRO</subfield>
  </datafield>
  <datafield tag="999" ind1=" " ind2=" ">
    <subfield code="c">8613</subfield>
    <subfield code="d">8613</subfield>
  </datafield>
  <datafield tag="952" ind1=" " ind2=" ">
    <subfield code="0">0</subfield>
    <subfield code="1">0</subfield>
    <subfield code="2">ddc</subfield>
    <subfield code="4">0</subfield>
    <subfield code="7">0</subfield>
    <subfield code="8">GENERAL</subfield>
    <subfield code="I">INV2017</subfield>
    <subfield code="a">Bogota</subfield>
    <subfield code="b">Bogota</subfield>
    <subfield code="d">2014-08-20</subfield>
    <subfield code="e">Instituto</subfield>
    <subfield code="g">15000.00</subfield>
    <subfield code="l">0</subfield>
    <subfield code="o">LB-584 C82c</subfield>
    <subfield code="p">034176</subfield>
    <subfield code="r">2014-08-20 00:00:00</subfield>
    <subfield code="t">Ej. 1</subfield>
    <subfield code="w">2014-08-20</subfield>
    <subfield code="x">Donaci&#xF3;n</subfield>
    <subfield code="y">LIBRO</subfield>
  </datafield>
</record>
